Paul and the intellectuals: (Record no. 5916)

000 -LEADER
fixed length control field 00676nam a2200193 a 4500
001 - CONTROL NUMBER
control field :::00003659$&:&@@
003 - CONTROL NUMBER IDENTIFIER
control field OkBaRHE
005 - DATE AND TIME OF LATEST TRANSACTION
control field 20000607103309.0
008 - FIXED-LENGTH DATA ELEMENTS--GENERAL INFORMATION
fixed length control field s1959 j 000 0 eng u
040 ## - CATALOGING SOURCE
Transcribing agency
100 1# - MAIN ENTRY--PERSONAL NAME
Personal name Robertson, A. T. (Archibald Thomas), 1863-1934.
245 10 - TITLE STATEMENT
Title Paul and the intellectuals:
Remainder of title the epistle to the Colossians.
260 ## - PUBLICATION, DISTRIBUTION, ETC. (IMPRINT)
Place of publication, distribution, etc Nashville, TN., :
Name of publisher, distributor, etc Broadman Press
Date of publication, distribution, etc c1959
300 ## - PHYSICAL DESCRIPTION
Extent 145 p. ;
Dimensions 21 cm.
650 ## - SUBJECT ADDED ENTRY--TOPICAL TERM
Topical term or geographic name as entry element Bible New Testament Colossians
General subdivision Criticism, Interpretation, etc.
650 ## - SUBJECT ADDED ENTRY--TOPICAL TERM
Topical term or geographic name as entry element Paul, Saint, apostle
942 ## - ADDED ENTRY ELEMENTS (KOHA)
Source of classification or shelving scheme
Koha item type Books
Copies
Lost status Koha item type Damaged status Date acquired Barcode Source of classification or shelving scheme Full call number Shelving location Copy number Permanent Location Not for loan Withdrawn status Price effective from Date last seen
 Books 2010-04-143659 BS 2715 .R6General Stacks1RHEMA Bible Training College  2010-04-142018-04-03